Pädagogische Theorie und erzieherische Praxis Grundlegung und Auswirkungen von Herbarts Theorie der Pädagogik und Didaktik

Gespeichert in:
Bibliographische Detailangaben
Format: Buch
Sprache:Deutsch
Veröffentlicht: Bern Haupt 1979
Ausgabe:1. Aufl.
Schriftenreihe:Uni Taschenbücher 873
Tags: Tag hinzufügen
Keine Tags, Fügen Sie das erste Tag hinzu!

MARC

LEADER 00000nam a2200000 4500
001 c018790
005 20250707103239.9
020 |a 3-258-02809-5 
041 0 |a ger 
044 |a CH 
245 1 0 |a Pädagogische Theorie und erzieherische Praxis  |b Grundlegung und Auswirkungen von Herbarts Theorie der Pädagogik und Didaktik  |c Edit. Bijan Adl-Amini, Jürgen Oelkers, Dieter Neumann 
250 |a 1. Aufl. 
264 1 |a Bern  |b Haupt  |c 1979 
300 |a 232 s. 
490 1 |a Uni Taschenbücher  |v 873 
830 0 |a Uni Taschenbücher  |v 873